1579 1375 1051 1648 1109 1534 1495 1014 1717 1655 1328 1006 1053 1830 1406 1192 1873 1066 1432 1280 1389 1860 1939 1254 1837 1051 1166 1874 1992 1108 1740 1382 1867 1536 1162 1841 1630 1435 1574 1224 1598 1575 1334 1984 1150 1725 1392 1502 1555 1558 1855 1268 1098 1052 1391 1083 1553 1753 1106 1214 1827 1147 1045 1478 1687 1317 1434 1025 1287 1206 1355 1667 1949 1795 1155 1312 1948 1201 1108 1593 1715 1336 1494 1683 1440 1460 1178 1702 1547 1182 1506 1685 1955 1446 1566 1858 1949 1431 1556 BCNSPRNW ULIB Ver.6.0+V

เปลี่ยนเป็นภาษาไทย

Change to English
 แสดงรายละเอียดบรรณานุกรม
  กลับหน้าหลัก

Brief Record : Get Marc (ISO 2709) : E-mail record : QR code < ปิดหน้าต่าง
LEADER : 00000nam 2200000uu 4500
001    13399124973
003     ULIB
008    160527s2557||||th 000 0 tha d
020    ^a9786163488893
060  4 ^aWK102^bอ396
100 0  ^aอรินทม์ งามนิยม
245 10 ^aสารรบกวนการทำงานของระบบต่อมไร้ท่อในระบบสืบพพันธุ์ /^cอรินทม์ งามนิยม
250    ^aพิมพ์คร้งที่ 1
260    ^aกรุงเทพฯ :^bรวมสาส์น,^c2557
300    ^a245 หน้า :^bภาพประกอบ
505 0  ^aกลไกของสารรบกวนระบบต่อมไร้ท่อต่อฮอร์โมนในระบบสืบพันธุ์ ... ประเภทของสารรบกวนระบบต่อมไร้ท่อ ... การขัดขวางการทำงานของสเตอรอยด์ฮอร์โมนโดยสารรบกวนระบบต่อมไร้ท่อ ... อิทธิพลของสารรบกวนระบบต่อมไร้ท่อในมนุษย์ ... อิทธิพลของสารรบกวนระบบต่อมไร้ท่อในสัตว์มีกระดูกสันหลัง ... อิทธิพลของสารรบกวนระบบต่อมไร้ท่อในสัตว์ไม่มีกระดูกสันหลัง
650  7 ^aต่อมไร้ท่อ
650  7 ^aระบบสืบพันธุ์
945    ^p160^l0^i000955
945    ^p160^l0^i000958
945    ^p160^l0^i000957
999    ^aเกษร โพธิ์สุวรรณ
รายการนี้ยังไม่มีแท็ก
คุณยังไม่ได้ล็อกอิน คุณสามารถมีกิจกรรมร่วมกับเว็บไซต์ได้ แต่ต้องล็อกอินก่อน ::
  ล็อกอิน

รายการสื่อสารสนเทศ

ลำดับที่ ประเภท เลขเรียก/บาร์โค้ด สถานที่ สถานะ
1. วิทยาศาสตร์การแพทย์ และสุขภาพ
วิทยาศาสตร์การแพทย์ และสุขภาพ
สถานะ=หนังสือเก่า
WK102 อ396 ฉ.1 
  Barcode: 000955
ห้องสมุดวิทยาเขตสวรรค์ประชารักษ์
►ส่วนจัดเก็บหนังสือเก่า สปร
บนชั้น
  ขอยืม
2. วิทยาศาสตร์การแพทย์ และสุขภาพ
วิทยาศาสตร์การแพทย์ และสุขภาพ
สถานะ=หนังสือเก่า
WK102 อ396 ฉ.2 
  Barcode: 000958
ห้องสมุดวิทยาเขตสวรรค์ประชารักษ์
►ส่วนจัดเก็บหนังสือเก่า สปร
บนชั้น
  ขอยืม
3. วิทยาศาสตร์การแพทย์ และสุขภาพ
วิทยาศาสตร์การแพทย์ และสุขภาพ
สถานะ=หนังสือเก่า
WK102 อ396 ฉ.3 
  Barcode: 000957
ห้องสมุดวิทยาเขตสวรรค์ประชารักษ์
►ส่วนจัดเก็บหนังสือเก่า สปร
บนชั้น
  ขอยืม

รายการใกล้เคียง
    ผู้แต่ง [อรินทม์ งามนิยม]

    หัวเรื่อง [ต่อมไร้ท่อ]
    หัวเรื่อง [ระบบสืบพันธุ์]

BibComment


ยังไม่เคยถูกคอมเมนท์

คอมเมนท์ทรัพยากรรายการนี้
  คอมเมนท์: สารรบกวนการทำงาน..


 Copyright 2026. Bcnsprnw @Library